| 000 | 00443nam a22001817a 4500 | ||
|---|---|---|---|
| 003 | CEME | ||
| 005 | 20210628203100.0 | ||
| 008 | 210218b xxu||||| |||| 00| 0 eng d | ||
| 020 | _a0-471-49935-8 | ||
| 040 | _c. | ||
| 082 | _a658.84 AAL | ||
| 100 |
_aAalders, Rob _963218 |
||
| 245 | _aThe it outsourcing guide | ||
| 260 |
_aNEW YORK _bJOHN WILEY _c2001 |
||
| 300 | _aXVIII,266P | ||
| 650 |
_aOUTSOURCING GUIDE _963219 |
||
| 942 |
_cBK _2ddc |
||
| 999 |
_c572107 _d572107 |
||